<?xml version="1.0" encoding="UTF-8"?>
<record
    xmlns:xsi="http://www.w3.org/2001/XMLSchema-instance"
    xsi:schemaLocation="http://www.loc.gov/MARC21/slim http://www.loc.gov/standards/marcxml/schema/MARC21slim.xsd"
    xmlns="http://www.loc.gov/MARC21/slim">

  <leader>01085nam a2200229 a 4500</leader>
  <controlfield tag="001">BRCA_1216</controlfield>
  <controlfield tag="005">20190320203330.0</controlfield>
  <controlfield tag="008">290705s2000----mx-a---###---#000-0#sps-d</controlfield>
  <datafield tag="020" ind1=" " ind2=" ">
    <subfield code="a">9703209823</subfield>
  </datafield>
  <datafield tag="050" ind1=" " ind2="4">
    <subfield code="a">ND253</subfield>
    <subfield code="b">.T73 2000</subfield>
  </datafield>
  <datafield tag="245" ind1="1" ind2="0">
    <subfield code="a">Tradici&#xF3;n, estilo o escuela en la pintura Iberoamericana, siglos XVI-XVIII</subfield>
    <subfield code="b">primer Seminario de Pintura Virreinal</subfield>
    <subfield code="c">edici&#xF3;n a cargo de Mar&#xED;a Concepci&#xF3;n Garc&#xED;a Saiz, Juana Guti&#xE9;rrez Haces.</subfield>
  </datafield>
  <datafield tag="260" ind1=" " ind2=" ">
    <subfield code="a">M&#xE9;xico</subfield>
    <subfield code="b">UNAM, Instituto de Investigaciones Est&#xE9;ticas</subfield>
    <subfield code="c">2004</subfield>
  </datafield>
  <datafield tag="300" ind1=" " ind2=" ">
    <subfield code="a">297 p.</subfield>
    <subfield code="b">il.</subfield>
    <subfield code="c">23 cm.</subfield>
  </datafield>
  <datafield tag="440" ind1=" " ind2="0">
    <subfield code="a">Estudios de arte y est&#xE9;tica</subfield>
    <subfield code="v">57</subfield>
    <subfield code="9">3995</subfield>
  </datafield>
  <datafield tag="500" ind1=" " ind2=" ">
    <subfield code="a">Coedici&#xF3;n con : Fomento Cultural Banamex ; Organizaci&#xF3;n de Estados Iberoam&#xE9;ricanos para la Educaci&#xF3;n, la Ciencia y la Cultura ; Banco de Cr&#xE9;dito del Per&#xFA;</subfield>
  </datafield>
  <datafield tag="611" ind1="2" ind2="4">
    <subfield code="a">Seminario de Pintura Virreinal</subfield>
    <subfield code="n">1</subfield>
    <subfield code="d">2000</subfield>
    <subfield code="c">Lima, Per&#xFA;</subfield>
    <subfield code="9">3996</subfield>
  </datafield>
  <datafield tag="650" ind1="1" ind2="4">
    <subfield code="a">Pintura colonial</subfield>
    <subfield code="v">Congresos</subfield>
    <subfield code="z">M&#xE9;xico</subfield>
    <subfield code="9">3997</subfield>
  </datafield>
  <datafield tag="650" ind1="1" ind2="4">
    <subfield code="a">Pintura colonial</subfield>
    <subfield code="v">Congresos</subfield>
    <subfield code="z">Per&#xFA;</subfield>
    <subfield code="9">3998</subfield>
  </datafield>
  <datafield tag="700" ind1="1" ind2=" ">
    <subfield code="a">Garc&#xED;a Saiz, Mar&#xED;a Concepci&#xF3;n</subfield>
    <subfield code="9">3999</subfield>
  </datafield>
  <datafield tag="700" ind1="1" ind2=" ">
    <subfield code="a">Guti&#xE9;rrez Haces, Juana</subfield>
    <subfield code="9">2256</subfield>
  </datafield>
  <datafield tag="942" ind1=" " ind2=" ">
    <subfield code="2">lcc</subfield>
    <subfield code="c">B</subfield>
  </datafield>
  <datafield tag="999" ind1=" " ind2=" ">
    <subfield code="c">1088</subfield>
    <subfield code="d">1088</subfield>
  </datafield>
  <datafield tag="952" ind1=" " ind2=" ">
    <subfield code="0">0</subfield>
    <subfield code="1">0</subfield>
    <subfield code="4">0</subfield>
    <subfield code="7">0</subfield>
    <subfield code="a">BRCA</subfield>
    <subfield code="b">BRCA</subfield>
    <subfield code="d">2008-06-26</subfield>
    <subfield code="l">0</subfield>
    <subfield code="o">ND253 .T73 2000</subfield>
    <subfield code="p">01720</subfield>
    <subfield code="r">2019-03-22 00:00:00</subfield>
    <subfield code="w">2019-03-22</subfield>
    <subfield code="y">B</subfield>
  </datafield>
</record>
